000 00805nam a2200265 a 4500
001 BRCA_4176
005 20190320204555.0
008 290410s1919----gw-a######---#000-0#ger-#
041 _ager
044 _agw
050 4 _aNE650.C3
_b.N37 2
_c1919
100 1 _aNasse, Hermann
_97423
245 1 0 _aJacques Callot
_cvon Hermann Nasse.
260 _aLeipzig, Alemania
_bKlinkhardt & Biermann
_c1919
300 _a77 p.
_bil., 49 láminas
_c32 cm.
440 0 _aMeister der Graphik
_v1
_910782
500 _aIncluye grabados e índice de imágenes
500 _aContiene en el interior la camisa original muy deteriorada
500 _aEjemplar igual a A59
500 _aA85
600 1 4 _aCallot, Jacques
_d1592-1635
_910783
650 1 4 _aGrabadores franceses
_910784
902 _aGFM
942 _2lcc
_cB
999 _c3892
_d3892